| 000 | 00869nam a2200241 a 4500 | ||
|---|---|---|---|
| 005 | 20210223130522.0 | ||
| 008 | 080618s1973 mx r 000 0 spa d | ||
| 020 | _a9282000052. | ||
| 035 | _aUPN01000157062 | ||
| 049 | _aUNE | ||
| 080 | _aOC 016:374 (100) =20=40 DAV No.2. | ||
| 100 | 1 |
_aDave, R.H. _932391 |
|
| 245 | 1 | 0 |
_aLifelong education and the school= L'éducation permanente et l'ecole : _babstractsand bibliography= extraits et bibliographie / _cR.H. Dave ; N. Stienmerling. |
| 260 |
_aHamburg : _bUNESCO, _c1973. |
||
| 300 | _a154 p. | ||
| 440 | 0 |
_aUIE monographs ; _v2 |
|
| 500 | _aIncluye texto en francés. | ||
| 690 | _aEducacion permanente - Bibliografias especiales | ||
| 690 | _aBibliografias especiales - Educacion permanente | ||
| 700 | 1 |
_aStiemerling, N., _ecoaut |
|
| 710 | 2 |
_aUNESCO. _bInstitute for Education Hamburg. |
|
| 905 | _aUNESCO | ||
| 999 |
_c129176 _d129176 |
||